00311nam a2200097Ia 4500008004100000020001800041100002000059245008700079260002900166300001800195180205s9999 xx 000 0 und d a9781119244561 aSheninger, Eric cRubin, TrishaBrandED :btell your story, build relationships and empower learning aUSA :bJossey-bassc2017 axi, 300 pages